La Lucha de las mujeres y el sufragio efectivo y la no reelección /
Guardado en:
| Autor principal: | |
|---|---|
| Formato: | Texto |
| Materias: | |
| Etiquetas: |
Agregar Etiqueta
Sin Etiquetas, Sea el primero en etiquetar este registro!
|
MARC
| LEADER | 00000 a a2200000 04500 | ||
|---|---|---|---|
| 001 | 18356 | ||
| 003 | |||
| 040 | |||
| 100 | |a Espinosa de los Monteros, Roberto | ||
| 245 | |a La Lucha de las mujeres y el sufragio efectivo y la no reelección / |c Roberto Espinosa de los Monteros | ||
| 650 | |a MUJERES | ||
| 650 | |a REVOLUCION | ||
| 650 | |a PARTICIPACION DE LA MUJER | ||
| 650 | |a PARTICIPACION POLITICA | ||
| 650 | |a HISTORIA POLITICA | ||
| 650 | |a ANALISIS HISTORICO | ||
| 650 | |a HISTORIA SOCIAL | ||
| 773 | |g volumen 2, número 4; páginas 36-39 | ||
| 999 | |c 21973 |d 21973 | ||
